<?xml version="1.0" encoding="UTF-8"?>
<record
    xmlns:xsi="http://www.w3.org/2001/XMLSchema-instance"
    xsi:schemaLocation="http://www.loc.gov/MARC21/slim http://www.loc.gov/standards/marcxml/schema/MARC21slim.xsd"
    xmlns="http://www.loc.gov/MARC21/slim">

  <leader>01571    a2200277   4500</leader>
  <controlfield tag="001">42</controlfield>
  <controlfield tag="005">20260407155404.0</controlfield>
  <controlfield tag="008">260407a1996    arg                 spa d</controlfield>
  <controlfield tag="003">AR-UNSa-BCEJYS</controlfield>
  <datafield tag="040" ind1=" " ind2=" ">
    <subfield code="a">AR-UNSa-BCEJYS</subfield>
    <subfield code="b">spa</subfield>
    <subfield code="c">AR-UNSa-BCEJYS</subfield>
  </datafield>
  <datafield tag="080" ind1=" " ind2=" ">
    <subfield code="a">657</subfield>
    <subfield code="x">Contabilidad</subfield>
  </datafield>
  <datafield tag="245" ind1="1" ind2="0">
    <subfield code="a">Contabilidad, presente y futuro</subfield>
  </datafield>
  <datafield tag="020" ind1=" " ind2=" ">
    <subfield code="a">978-950-537-377-2</subfield>
  </datafield>
  <datafield tag="250" ind1=" " ind2=" ">
    <subfield code="a">1a. ed.</subfield>
  </datafield>
  <datafield tag="264" ind1=" " ind2="1">
    <subfield code="a">Buenos Aires :</subfield>
    <subfield code="b">Ediciones Macchi</subfield>
    <subfield code="c">1996</subfield>
  </datafield>
  <datafield tag="300" ind1=" " ind2=" ">
    <subfield code="a">720 p.</subfield>
    <subfield code="c">22 cm.</subfield>
  </datafield>
  <datafield tag="505" ind1=" " ind2=" ">
    <subfield code="a">1. Objetivos de la contabilidad y concepto de estados contables - 2. Temas esenciales. Los modelos contables - 3. Patrimonio neto - 4. Resultados - 5.Caja y bancos - 6. Cuentas a cobrar (Cr&#xE9;ditos) - 7. Inversiones - 8. Bienes de cambio y costos de los productos vendidos - 9. Bienes de uso (propiedad, planta y equipo) - 10. Activos intangibles - 11. Compromisos ciertos - 12. Contingencias - 13. Estado de situaci&#xF3;n patrimonial (Balance general) - 14. Estado de resultados - 15. Estado de evoluci&#xF3;n del patrimonio neto - 16. Estado de origen y aplicaci&#xF3;n de fondos - 17. Informaci&#xF3;n complementaria e informes sobre estados contables - 18. Doctrina contable: evoluci&#xF3;n hasta el presente - 19. La medici&#xF3;n del capital a mantener </subfield>
  </datafield>
  <datafield tag="041" ind1=" " ind2=" ">
    <subfield code="a">spa</subfield>
  </datafield>
  <datafield tag="942" ind1=" " ind2=" ">
    <subfield code="c">BK</subfield>
  </datafield>
  <datafield tag="590" ind1=" " ind2=" ">
    <subfield code="a">niveau_biblio:m niveau_hierar:0</subfield>
  </datafield>
  <datafield tag="100" ind1="1" ind2=" ">
    <subfield code="a">Pahlen Acu&#xF1;a, Ricardo Jose Mar&#xED;a</subfield>
  </datafield>
  <datafield tag="700" ind1="1" ind2=" ">
    <subfield code="a">Chaves, Osvaldo Argentino</subfield>
  </datafield>
  <datafield tag="700" ind1="1" ind2=" ">
    <subfield code="a">Fronti de Garc&#xED;a, Luisa</subfield>
  </datafield>
  <datafield tag="700" ind1="1" ind2=" ">
    <subfield code="a">Viegas, Juan Carlos</subfield>
  </datafield>
  <datafield tag="856" ind1="4" ind2="1">
    <subfield code="u">https://www.biblioeco.unsa.edu.ar/pmb/images/libros/L128231.jpg</subfield>
    <subfield code="y">Imagen de portada</subfield>
    <subfield code="q">image/jpeg</subfield>
  </datafield>
  <datafield tag="999" ind1=" " ind2=" ">
    <subfield code="c">34</subfield>
    <subfield code="d">34</subfield>
  </datafield>
  <datafield tag="952" ind1=" " ind2=" ">
    <subfield code="0">0</subfield>
    <subfield code="1">0</subfield>
    <subfield code="4">0</subfield>
    <subfield code="7">0</subfield>
    <subfield code="a">BCEJYS</subfield>
    <subfield code="b">BCEJYS</subfield>
    <subfield code="c">16</subfield>
    <subfield code="d">2026-04-07</subfield>
    <subfield code="l">0</subfield>
    <subfield code="o">657 C759</subfield>
    <subfield code="p">L86142</subfield>
    <subfield code="r">2026-04-07 15:54:04</subfield>
    <subfield code="w">2026-04-07</subfield>
    <subfield code="y">L</subfield>
    <subfield code="z">MANCHADO - P&#xC1;G 528 CON MANCHA ROJA - L&#xC1;PIZ - FOTOCOPIA P&#xC1;G 465 Y 466 - P&#xC1;G 464 UN POCO ROTA EN PARTE SUPERIOR - P&#xC1;G 351 A 354 UN POCO ROTAS EN PARTE INFERIOR - P&#xC1;G XXX MANCHADO CON RESALTADOR - H&#xDA;MEDO - P&#xC1;G 244 DOBLADA</subfield>
  </datafield>
  <datafield tag="952" ind1=" " ind2=" ">
    <subfield code="0">0</subfield>
    <subfield code="1">0</subfield>
    <subfield code="4">0</subfield>
    <subfield code="7">0</subfield>
    <subfield code="a">BCEJYS</subfield>
    <subfield code="b">BCEJYS</subfield>
    <subfield code="c">16</subfield>
    <subfield code="d">2026-04-07</subfield>
    <subfield code="l">0</subfield>
    <subfield code="o">657 C759</subfield>
    <subfield code="p">L86143</subfield>
    <subfield code="r">2026-04-07 15:54:04</subfield>
    <subfield code="w">2026-04-07</subfield>
    <subfield code="y">L</subfield>
    <subfield code="z">TAPA DOBLADA Y PEGADA CON CINTA - MUY MANCHADO (SOBRE TODO MANCHAS HACIA CANTO LATERAL Y SUPERIOR DERECHO) - PARTIDO EN P&#xC1;GINA 260 - SUBRAYADO CON L&#xC1;PIZ - LAPICERA P&#xC1;G 470,471,202.272 Y 161</subfield>
  </datafield>
  <datafield tag="952" ind1=" " ind2=" ">
    <subfield code="0">0</subfield>
    <subfield code="1">0</subfield>
    <subfield code="4">0</subfield>
    <subfield code="7">0</subfield>
    <subfield code="a">BCEJYS</subfield>
    <subfield code="b">BCEJYS</subfield>
    <subfield code="c">16</subfield>
    <subfield code="d">2026-04-07</subfield>
    <subfield code="l">0</subfield>
    <subfield code="o">657 C759</subfield>
    <subfield code="p">L86144</subfield>
    <subfield code="r">2026-04-07 15:54:04</subfield>
    <subfield code="w">2026-04-07</subfield>
    <subfield code="y">L</subfield>
    <subfield code="z">TAPA PEGADA CON CINTA, ROTA Y DOBLADA - CANTO LATERAL CON MANCHA ROJA - ESCRITO CON L&#xC1;PIZ - ESCRITO CON LAPICERA CELESTE Y AZUL - MANCHADO - H&#xDA;MEDO</subfield>
  </datafield>
  <datafield tag="952" ind1=" " ind2=" ">
    <subfield code="0">0</subfield>
    <subfield code="1">0</subfield>
    <subfield code="4">0</subfield>
    <subfield code="7">0</subfield>
    <subfield code="a">BCEJYS</subfield>
    <subfield code="b">BCEJYS</subfield>
    <subfield code="c">16</subfield>
    <subfield code="d">2026-04-07</subfield>
    <subfield code="l">0</subfield>
    <subfield code="o">657 C759</subfield>
    <subfield code="p">L86812</subfield>
    <subfield code="r">2026-04-07 15:54:04</subfield>
    <subfield code="w">2026-04-07</subfield>
    <subfield code="y">L</subfield>
    <subfield code="z">MANCHADO - DESDE P&#xC1;G 543 A FINAL MUY MANCHADO HACIA CANTO LATERAL - PARTIDO EN P&#xC1;G 414 - L&#xC1;PIZ - P&#xC1;G 633 A 698 P&#xC1;GINAS UN POCO SUELTAS (PARTE INFERIOR) - TAPA DELANTERA PEGADA CON CINTA Y DOBLADA - P&#xC1;GINAS PEGADAS CON CINTA 172,236,478</subfield>
  </datafield>
  <datafield tag="952" ind1=" " ind2=" ">
    <subfield code="0">0</subfield>
    <subfield code="1">0</subfield>
    <subfield code="4">0</subfield>
    <subfield code="7">0</subfield>
    <subfield code="a">BCEJYS</subfield>
    <subfield code="b">BCEJYS</subfield>
    <subfield code="c">16</subfield>
    <subfield code="d">2026-04-07</subfield>
    <subfield code="l">0</subfield>
    <subfield code="o">657 C759</subfield>
    <subfield code="p">L86813</subfield>
    <subfield code="r">2026-04-07 15:54:05</subfield>
    <subfield code="w">2026-04-07</subfield>
    <subfield code="y">L</subfield>
    <subfield code="z">L&#xC1;PIZ - MANCHADO - P&#xC1;G 45 SUELTA - P&#xC1;G 91 CON RESALTADOR - UN POCO H&#xDA;MEDO</subfield>
  </datafield>
  <datafield tag="952" ind1=" " ind2=" ">
    <subfield code="0">0</subfield>
    <subfield code="1">0</subfield>
    <subfield code="4">0</subfield>
    <subfield code="7">0</subfield>
    <subfield code="a">BCEJYS</subfield>
    <subfield code="b">BCEJYS</subfield>
    <subfield code="c">16</subfield>
    <subfield code="d">2026-04-07</subfield>
    <subfield code="l">0</subfield>
    <subfield code="o">657 C759</subfield>
    <subfield code="p">L86814</subfield>
    <subfield code="r">2026-04-07 15:54:05</subfield>
    <subfield code="w">2026-04-07</subfield>
    <subfield code="y">L</subfield>
    <subfield code="z">SUBRAYADO CON L&#xC1;PIZ - MANCHADO - H&#xDA;MEDO - DESDE P&#xC1;G 463 A FINAL DOBLADAS EN ESQUINA SUPERIOR</subfield>
  </datafield>
  <datafield tag="952" ind1=" " ind2=" ">
    <subfield code="0">0</subfield>
    <subfield code="1">0</subfield>
    <subfield code="4">0</subfield>
    <subfield code="7">0</subfield>
    <subfield code="a">BCEJYS</subfield>
    <subfield code="b">BCEJYS</subfield>
    <subfield code="c">16</subfield>
    <subfield code="d">2026-04-07</subfield>
    <subfield code="l">0</subfield>
    <subfield code="o">657 C759</subfield>
    <subfield code="p">L86815</subfield>
    <subfield code="r">2026-04-07 15:54:05</subfield>
    <subfield code="w">2026-04-07</subfield>
    <subfield code="y">L</subfield>
    <subfield code="z">RESALTADOR P&#xC1;G 131,132,251 - H&#xDA;MEDO - &#xDA;LTIMAS P&#xC1;GINAS MANCHADAS EN CANTO SUPERIOR - P&#xC1;GINAS 72 A 77 PEGADAS CON CINTA - LAPICERA - L&#xC1;PIZ</subfield>
  </datafield>
  <datafield tag="952" ind1=" " ind2=" ">
    <subfield code="0">0</subfield>
    <subfield code="1">0</subfield>
    <subfield code="4">0</subfield>
    <subfield code="7">0</subfield>
    <subfield code="a">BCEJYS</subfield>
    <subfield code="b">BCEJYS</subfield>
    <subfield code="c">16</subfield>
    <subfield code="d">2026-04-07</subfield>
    <subfield code="l">0</subfield>
    <subfield code="o">657 C759</subfield>
    <subfield code="p">L86816</subfield>
    <subfield code="r">2026-04-07 15:54:05</subfield>
    <subfield code="w">2026-04-07</subfield>
    <subfield code="y">L</subfield>
    <subfield code="z">LIBRO PEGADO A TAPA CON CINTA - L&#xC1;PIZ - H&#xDA;MEDO SOBRE TODO EN LAS PRIMERAS P&#xC1;GINAS - P&#xC1;GINAS MANCHADAS (SOBRE TODO 68, 478 A 488, 493,73,49)- TAPARA ROTA</subfield>
  </datafield>
  <datafield tag="952" ind1=" " ind2=" ">
    <subfield code="0">0</subfield>
    <subfield code="1">0</subfield>
    <subfield code="4">0</subfield>
    <subfield code="7">0</subfield>
    <subfield code="a">BCEJYS</subfield>
    <subfield code="b">BCEJYS</subfield>
    <subfield code="c">16</subfield>
    <subfield code="d">2026-04-07</subfield>
    <subfield code="l">0</subfield>
    <subfield code="o">657 C759</subfield>
    <subfield code="p">L86817</subfield>
    <subfield code="r">2026-04-07 15:54:05</subfield>
    <subfield code="w">2026-04-07</subfield>
    <subfield code="y">L</subfield>
    <subfield code="z">ESCRITO CON L&#xC1;PIZ - HOJA INDICE (XIX)CON CINTA - P&#xC1;G 551 A 564 H&#xDA;MEDAS (INFERIOR) - MANCHADO</subfield>
  </datafield>
  <datafield tag="952" ind1=" " ind2=" ">
    <subfield code="0">0</subfield>
    <subfield code="1">0</subfield>
    <subfield code="4">0</subfield>
    <subfield code="7">0</subfield>
    <subfield code="a">BCEJYS</subfield>
    <subfield code="b">BCEJYS</subfield>
    <subfield code="c">16</subfield>
    <subfield code="d">2026-04-07</subfield>
    <subfield code="l">0</subfield>
    <subfield code="o">657 C759</subfield>
    <subfield code="p">L86818</subfield>
    <subfield code="r">2026-04-07 15:54:05</subfield>
    <subfield code="w">2026-04-07</subfield>
    <subfield code="y">L</subfield>
    <subfield code="z">PRIMER HOJA CON CORRECTOR - L&#xC1;PIZ LEVE - RESALTADO P&#xC1;G 86 - LAPICERA P&#xC1;G 175 - MANCHADO (SOBRE TODO P&#xC1;G 265, 4,5)- H&#xDA;MEDO</subfield>
  </datafield>
  <datafield tag="952" ind1=" " ind2=" ">
    <subfield code="0">0</subfield>
    <subfield code="1">0</subfield>
    <subfield code="4">0</subfield>
    <subfield code="7">0</subfield>
    <subfield code="a">BCEJYS</subfield>
    <subfield code="b">BCEJYS</subfield>
    <subfield code="c">16</subfield>
    <subfield code="d">2026-04-07</subfield>
    <subfield code="l">0</subfield>
    <subfield code="o">657 C759</subfield>
    <subfield code="p">L86819</subfield>
    <subfield code="r">2026-04-07 15:54:05</subfield>
    <subfield code="w">2026-04-07</subfield>
    <subfield code="y">L</subfield>
    <subfield code="z">HOJAS 49,50,51 Y 52 EN FOTOCOPIAS - L&#xC1;PIZ - MANCHADO (SOBRE TODO EN P&#xC1;G 82 A 86, 499,283,89,48) - UN POCO H&#xDA;MEDO</subfield>
  </datafield>
  <datafield tag="952" ind1=" " ind2=" ">
    <subfield code="0">0</subfield>
    <subfield code="1">0</subfield>
    <subfield code="4">0</subfield>
    <subfield code="7">0</subfield>
    <subfield code="a">BCEJYS</subfield>
    <subfield code="b">BCEJYS</subfield>
    <subfield code="c">16</subfield>
    <subfield code="d">2026-04-07</subfield>
    <subfield code="l">0</subfield>
    <subfield code="o">657 C759</subfield>
    <subfield code="p">L86820</subfield>
    <subfield code="r">2026-04-07 15:54:05</subfield>
    <subfield code="w">2026-04-07</subfield>
    <subfield code="y">L</subfield>
    <subfield code="z">SUBRAYADO CON L&#xC1;PIZ - H&#xDA;MEDO - MANCHADO</subfield>
  </datafield>
  <datafield tag="952" ind1=" " ind2=" ">
    <subfield code="0">0</subfield>
    <subfield code="1">0</subfield>
    <subfield code="4">0</subfield>
    <subfield code="7">0</subfield>
    <subfield code="a">BCEJYS</subfield>
    <subfield code="b">BCEJYS</subfield>
    <subfield code="c">16</subfield>
    <subfield code="d">2026-04-07</subfield>
    <subfield code="l">0</subfield>
    <subfield code="o">657 C759</subfield>
    <subfield code="p">L86821</subfield>
    <subfield code="r">2026-04-07 15:54:05</subfield>
    <subfield code="w">2026-04-07</subfield>
    <subfield code="y">L</subfield>
    <subfield code="z">L&#xC1;PIZ - LAPICERA P&#xC1;G 89 - CANTO LATERAL CON LAPICERA ROSA - MANCHAS EN P&#xC1;G 153,155,159,167,178</subfield>
  </datafield>
  <datafield tag="952" ind1=" " ind2=" ">
    <subfield code="0">0</subfield>
    <subfield code="1">0</subfield>
    <subfield code="4">0</subfield>
    <subfield code="7">0</subfield>
    <subfield code="a">BCEJYS</subfield>
    <subfield code="b">BCEJYS</subfield>
    <subfield code="c">16</subfield>
    <subfield code="d">2026-04-07</subfield>
    <subfield code="l">0</subfield>
    <subfield code="o">657 C759</subfield>
    <subfield code="p">L116062</subfield>
    <subfield code="r">2026-04-07 15:54:05</subfield>
    <subfield code="w">2026-04-07</subfield>
    <subfield code="y">L</subfield>
    <subfield code="z">MANCHADO (SOBRE TODO EN P&#xC1;G 184,185,256, 261 A 264) - P&#xC1;GINA 476 ARRUGADA Y CON CORRECTOR - CANTO LATERAL CON PEQUE&#xD1;A MANCHA ROJA Y CANTO SUPERIOR MANCHADO - PARTIDO EN P&#xC1;G 690 - UN POCO H&#xDA;MEDO</subfield>
  </datafield>
  <datafield tag="952" ind1=" " ind2=" ">
    <subfield code="0">0</subfield>
    <subfield code="1">0</subfield>
    <subfield code="4">0</subfield>
    <subfield code="7">0</subfield>
    <subfield code="a">BCEJYS</subfield>
    <subfield code="b">BCEJYS</subfield>
    <subfield code="c">16</subfield>
    <subfield code="d">2026-04-07</subfield>
    <subfield code="l">0</subfield>
    <subfield code="o">657 C759</subfield>
    <subfield code="p">L116063</subfield>
    <subfield code="r">2026-04-07 15:54:05</subfield>
    <subfield code="w">2026-04-07</subfield>
    <subfield code="y">L</subfield>
    <subfield code="z">L&#xC1;PIZ - H&#xDA;MEDO - EN ESQUINA SUPERIOR E INFERIOR - MANCHADO - CANTO LATERAL CON RAYA DE LAPIZ AZUL - CANTO INFERIOR CON MANCHITA ROJA - P&#xC1;G 93 CON LAPICERA - MANCHADO CON AMARILLO EN P&#xC1;G 55 - MANCHITA ROJA EN P&#xC1;G 263</subfield>
  </datafield>
  <datafield tag="952" ind1=" " ind2=" ">
    <subfield code="0">0</subfield>
    <subfield code="1">0</subfield>
    <subfield code="4">0</subfield>
    <subfield code="7">0</subfield>
    <subfield code="a">BCEJYS</subfield>
    <subfield code="b">BCEJYS</subfield>
    <subfield code="c">16</subfield>
    <subfield code="d">2026-04-07</subfield>
    <subfield code="l">0</subfield>
    <subfield code="o">657 C759</subfield>
    <subfield code="p">L116064</subfield>
    <subfield code="r">2026-04-07 15:54:05</subfield>
    <subfield code="w">2026-04-07</subfield>
    <subfield code="y">L</subfield>
    <subfield code="z">L&#xC1;PIZ - MANCHADO - H&#xDA;MEDO DESDE P&#xC1;G 363 A FINAL EN PARTE INFERIOR DERECHA - CANTO MANCHADO</subfield>
  </datafield>
  <datafield tag="952" ind1=" " ind2=" ">
    <subfield code="0">0</subfield>
    <subfield code="1">0</subfield>
    <subfield code="4">0</subfield>
    <subfield code="7">0</subfield>
    <subfield code="a">BCEJYS</subfield>
    <subfield code="b">BCEJYS</subfield>
    <subfield code="c">16</subfield>
    <subfield code="d">2026-04-07</subfield>
    <subfield code="l">0</subfield>
    <subfield code="o">657 C759</subfield>
    <subfield code="p">L116065</subfield>
    <subfield code="r">2026-04-07 15:54:05</subfield>
    <subfield code="w">2026-04-07</subfield>
    <subfield code="y">L</subfield>
    <subfield code="z">ESQUINA INFERIOR DERECHA H&#xDA;MEDA - L&#xC1;PIZ - LAPICERA (NEGRA Y AZUL) - CANTO LATERAL CON L&#xC1;PIZ - CANTO INFERIOR MANCHA ROSA Y VERDE</subfield>
  </datafield>
  <datafield tag="952" ind1=" " ind2=" ">
    <subfield code="0">0</subfield>
    <subfield code="1">0</subfield>
    <subfield code="4">0</subfield>
    <subfield code="7">0</subfield>
    <subfield code="a">BCEJYS</subfield>
    <subfield code="b">BCEJYS</subfield>
    <subfield code="c">16</subfield>
    <subfield code="d">2026-04-07</subfield>
    <subfield code="l">0</subfield>
    <subfield code="o">657 C759</subfield>
    <subfield code="p">L116066</subfield>
    <subfield code="r">2026-04-07 15:54:05</subfield>
    <subfield code="w">2026-04-07</subfield>
    <subfield code="y">L</subfield>
    <subfield code="z">L&#xC1;PIZ - MANCHADO - CANTO SUPERIOR H&#xDA;MEDO - DESDE INICIO HASTA P&#xC1;G 100 DOBLADAS - PARTIDO EN P&#xC1;G 322</subfield>
  </datafield>
  <datafield tag="952" ind1=" " ind2=" ">
    <subfield code="0">0</subfield>
    <subfield code="1">0</subfield>
    <subfield code="4">0</subfield>
    <subfield code="7">0</subfield>
    <subfield code="a">BCEJYS</subfield>
    <subfield code="b">BCEJYS</subfield>
    <subfield code="c">16</subfield>
    <subfield code="d">2026-04-07</subfield>
    <subfield code="l">0</subfield>
    <subfield code="o">657 C759</subfield>
    <subfield code="p">L116067</subfield>
    <subfield code="r">2026-04-07 15:54:05</subfield>
    <subfield code="w">2026-04-07</subfield>
    <subfield code="y">L</subfield>
    <subfield code="z">SUBRAYADO CON L&#xC1;PIZ - MANCHADO - PARTIDO EN P&#xC1;G 418
</subfield>
  </datafield>
  <datafield tag="952" ind1=" " ind2=" ">
    <subfield code="0">0</subfield>
    <subfield code="1">0</subfield>
    <subfield code="4">0</subfield>
    <subfield code="7">0</subfield>
    <subfield code="a">BCEJYS</subfield>
    <subfield code="b">BCEJYS</subfield>
    <subfield code="c">16</subfield>
    <subfield code="d">2026-04-07</subfield>
    <subfield code="l">0</subfield>
    <subfield code="o">657 C759</subfield>
    <subfield code="p">L116068</subfield>
    <subfield code="r">2026-04-07 15:54:05</subfield>
    <subfield code="w">2026-04-07</subfield>
    <subfield code="y">L</subfield>
    <subfield code="z">1RA P&#xC1;GINA ROTA - L&#xC1;PIZ - CANTO MANCHADO - MANCHADO - DESDE P&#xC1;G 692 A 698 ARRUGADAS</subfield>
  </datafield>
  <datafield tag="952" ind1=" " ind2=" ">
    <subfield code="0">0</subfield>
    <subfield code="1">0</subfield>
    <subfield code="4">0</subfield>
    <subfield code="7">0</subfield>
    <subfield code="a">BCEJYS</subfield>
    <subfield code="b">BCEJYS</subfield>
    <subfield code="c">16</subfield>
    <subfield code="d">2026-04-07</subfield>
    <subfield code="l">0</subfield>
    <subfield code="o">657 C759</subfield>
    <subfield code="p">L116069</subfield>
    <subfield code="r">2026-04-07 15:54:05</subfield>
    <subfield code="w">2026-04-07</subfield>
    <subfield code="y">L</subfield>
    <subfield code="z">MANCHADO - H&#xDA;MEDO - SUBRAYADO CON L&#xC1;PIZ- PRIMERA P&#xC1;GINA DOBLADA - HOJA 355 Y 356 CON CINTA</subfield>
  </datafield>
  <datafield tag="952" ind1=" " ind2=" ">
    <subfield code="0">0</subfield>
    <subfield code="1">0</subfield>
    <subfield code="4">0</subfield>
    <subfield code="7">0</subfield>
    <subfield code="a">BCEJYS</subfield>
    <subfield code="b">BCEJYS</subfield>
    <subfield code="c">16</subfield>
    <subfield code="d">2026-04-07</subfield>
    <subfield code="l">0</subfield>
    <subfield code="o">657 C759</subfield>
    <subfield code="p">L116070</subfield>
    <subfield code="r">2026-04-07 15:54:05</subfield>
    <subfield code="w">2026-04-07</subfield>
    <subfield code="y">L</subfield>
    <subfield code="z">GARBATEADO CON ROJO &#xDA;LTIMA P&#xC1;GIAN Y P&#xC1;GINA 261 - HOJA ROTA 687, 528 A 532 - SUBRAYADO CON L&#xC1;PIZ - MUY MANCHADO (SOBRE TODO MANCHAS HACIA CANTO INFERIOR) - H&#xDA;MEDO </subfield>
  </datafield>
  <datafield tag="952" ind1=" " ind2=" ">
    <subfield code="0">0</subfield>
    <subfield code="1">0</subfield>
    <subfield code="4">0</subfield>
    <subfield code="7">0</subfield>
    <subfield code="a">BCEJYS</subfield>
    <subfield code="b">BCEJYS</subfield>
    <subfield code="c">16</subfield>
    <subfield code="d">2026-04-07</subfield>
    <subfield code="l">0</subfield>
    <subfield code="o">657 C759</subfield>
    <subfield code="p">L116071</subfield>
    <subfield code="r">2026-04-07 15:54:05</subfield>
    <subfield code="w">2026-04-07</subfield>
    <subfield code="y">L</subfield>
    <subfield code="z">PRIMERA P&#xC1;G UN POCO SALIDA (PARTE SUPERIOR)- H&#xDA;MEDO - MANCHADO - L&#xC1;PIZ - CANTO CON L&#xC1;PIZ Y MANCHITA ROJA</subfield>
  </datafield>
  <datafield tag="952" ind1=" " ind2=" ">
    <subfield code="0">0</subfield>
    <subfield code="1">0</subfield>
    <subfield code="4">0</subfield>
    <subfield code="7">0</subfield>
    <subfield code="a">BCEJYS</subfield>
    <subfield code="b">BCEJYS</subfield>
    <subfield code="c">16</subfield>
    <subfield code="d">2026-04-07</subfield>
    <subfield code="l">0</subfield>
    <subfield code="o">657 C759</subfield>
    <subfield code="p">L116506</subfield>
    <subfield code="r">2026-04-07 15:54:05</subfield>
    <subfield code="w">2026-04-07</subfield>
    <subfield code="y">L</subfield>
    <subfield code="z">L&#xC1;PIZ - MANCHADO - UN POCO H&#xDA;MEDO</subfield>
  </datafield>
  <datafield tag="952" ind1=" " ind2=" ">
    <subfield code="0">0</subfield>
    <subfield code="1">0</subfield>
    <subfield code="4">0</subfield>
    <subfield code="7">0</subfield>
    <subfield code="a">BCEJYS</subfield>
    <subfield code="b">BCEJYS</subfield>
    <subfield code="c">16</subfield>
    <subfield code="d">2026-04-07</subfield>
    <subfield code="l">0</subfield>
    <subfield code="o">657 C759</subfield>
    <subfield code="p">L116507</subfield>
    <subfield code="r">2026-04-07 15:54:05</subfield>
    <subfield code="w">2026-04-07</subfield>
    <subfield code="y">L</subfield>
    <subfield code="z">SUBRAYADO CON L&#xC1;PIZ - H&#xDA;MEDO (SOBRE TODO P&#xC1;G 253 A 255) - &#xDA;LTIMA P&#xC1;G ROTA (PARTE SUPERIOR) - MANCHADO (SOBRE TODO P&#xC1;G 291,93 Y 239)- CANTO SUPERIOR MANCHADO </subfield>
  </datafield>
  <datafield tag="952" ind1=" " ind2=" ">
    <subfield code="0">0</subfield>
    <subfield code="1">0</subfield>
    <subfield code="4">0</subfield>
    <subfield code="7">0</subfield>
    <subfield code="a">BCEJYS</subfield>
    <subfield code="b">BCEJYS</subfield>
    <subfield code="c">16</subfield>
    <subfield code="d">2026-04-07</subfield>
    <subfield code="l">0</subfield>
    <subfield code="o">657 C759</subfield>
    <subfield code="p">L116508</subfield>
    <subfield code="r">2026-04-07 15:54:05</subfield>
    <subfield code="w">2026-04-07</subfield>
    <subfield code="y">L</subfield>
  </datafield>
  <datafield tag="952" ind1=" " ind2=" ">
    <subfield code="0">0</subfield>
    <subfield code="1">0</subfield>
    <subfield code="4">0</subfield>
    <subfield code="7">0</subfield>
    <subfield code="a">BCEJYS</subfield>
    <subfield code="b">BCEJYS</subfield>
    <subfield code="c">16</subfield>
    <subfield code="d">2026-04-07</subfield>
    <subfield code="l">0</subfield>
    <subfield code="o">657 C759</subfield>
    <subfield code="p">L116509</subfield>
    <subfield code="r">2026-04-07 15:54:05</subfield>
    <subfield code="w">2026-04-07</subfield>
    <subfield code="y">L</subfield>
    <subfield code="z">TAPA DE ADELANTE SEMI DESPEGADA (CINTA) - LAPICERA P&#xC1;G 82 Y PRIMERAS DOS P&#xC1;GINAS - FOTOCOPIA EN PRIMERAS DOS P&#xC1;GINAS - RESALTADOR VERDE P&#xC1;GINAS 515 Y 517 - SUBRAYADO CON L&#xC1;PIZ NEGFRO - PEQUE&#xD1;A MANCHA EN CANTO LATERAL - ALGUNAS HOJAS CON MANCHITAS</subfield>
  </datafield>
  <datafield tag="952" ind1=" " ind2=" ">
    <subfield code="0">0</subfield>
    <subfield code="1">0</subfield>
    <subfield code="4">0</subfield>
    <subfield code="7">0</subfield>
    <subfield code="a">BCEJYS</subfield>
    <subfield code="b">BCEJYS</subfield>
    <subfield code="c">16</subfield>
    <subfield code="d">2026-04-07</subfield>
    <subfield code="l">0</subfield>
    <subfield code="o">657 C759</subfield>
    <subfield code="p">L116510</subfield>
    <subfield code="r">2026-04-07 15:54:05</subfield>
    <subfield code="w">2026-04-07</subfield>
    <subfield code="y">L</subfield>
    <subfield code="z">&#xDA;LTIMA P&#xC1;GINA ROTA - SUBRAYADO CON L&#xC1;PIZ - MANCHADO - H&#xDA;MEDO HASTA P&#xC1;GINA 115 - CANTO INFERIOR MANCHADO CON ROJO</subfield>
  </datafield>
  <datafield tag="952" ind1=" " ind2=" ">
    <subfield code="0">0</subfield>
    <subfield code="1">0</subfield>
    <subfield code="4">0</subfield>
    <subfield code="7">0</subfield>
    <subfield code="a">BCEJYS</subfield>
    <subfield code="b">BCEJYS</subfield>
    <subfield code="c">16</subfield>
    <subfield code="d">2026-04-07</subfield>
    <subfield code="l">0</subfield>
    <subfield code="o">657 C759</subfield>
    <subfield code="p">L116849</subfield>
    <subfield code="r">2026-04-07 15:54:05</subfield>
    <subfield code="w">2026-04-07</subfield>
    <subfield code="y">L</subfield>
    <subfield code="z">DESDE P&#xC1;G 483 A FINAL H&#xDA;MEDO EN CANTO SUPERIOR - P&#xC1;G 50 MANCHADA</subfield>
  </datafield>
  <datafield tag="952" ind1=" " ind2=" ">
    <subfield code="0">0</subfield>
    <subfield code="1">0</subfield>
    <subfield code="4">0</subfield>
    <subfield code="7">0</subfield>
    <subfield code="a">BCEJYS</subfield>
    <subfield code="b">BCEJYS</subfield>
    <subfield code="c">16</subfield>
    <subfield code="d">2026-04-07</subfield>
    <subfield code="l">0</subfield>
    <subfield code="o">657 C759</subfield>
    <subfield code="p">L128231</subfield>
    <subfield code="r">2026-04-07 15:54:05</subfield>
    <subfield code="w">2026-04-07</subfield>
    <subfield code="y">L</subfield>
    <subfield code="z">L&#xC1;PIZ - CANTO MANCHADO</subfield>
  </datafield>
</record>
